000
00316nam a22001337a 4500
003
SGT
082
_a
500
100
_a
VIDYAVACHASPATI USHAPURI
245
_a
grah nakshatron ki atmakatha
260
_a
NEW DELHI
_b
NIRDESHAK PRASHASAN VIBHAG
_c
5005
300
_a
72
650
_a
MASS COMMUNICATION
942
_2
ddc
_c
BK
999
_c
12798
_d
12798